Ago Paşanın hatıratı, (Record no. 46527)
[ view plain ]
| 000 -LEADER | |
|---|---|
| fixed length control field | 00610cam a22002171 4500 |
| 001 - CONTROL NUMBER | |
| control field | ne 63002626 |
| 003 - CONTROL NUMBER IDENTIFIER | |
| control field | DLC |
| 005 - DATE AND TIME OF LATEST TRANSACTION | |
| control field | 20260227111753.0 |
| 008 - FIXED-LENGTH DATA ELEMENTS--GENERAL INFORMATION | |
| fixed length control field | 920916s1939 xx 000 0 tur |
| 010 ## - LIBRARY OF CONGRESS CONTROL NUMBER | |
| LC control number | ne 63002626 |
| 035 ## - SYSTEM CONTROL NUMBER | |
| System control number | (OCoLC)34976628 |
| 040 ## - CATALOGING SOURCE | |
| Original cataloging agency | DLC |
| Transcribing agency | NNC |
| Modifying agency | DLC |
| 042 ## - AUTHENTICATION CODE | |
| Authentication code | premarc |
| 050 00 - LIBRARY OF CONGRESS CALL NUMBER | |
| Classification number | PL248.K34 |
| Item number | A7 1939 |
| 100 1# - MAIN ENTRY--PERSONAL NAME | |
| Personal name | Karay, Refik Halit, |
| Dates associated with a name | 1888-1965. |
| 245 10 - TITLE STATEMENT | |
| Title | Ago Paşanın hatıratı, |
| Remainder of title | [Hikâyeler / |
| Statement of responsibility, etc. | Yazan] Refik Halid. |
| 250 ## - EDITION STATEMENT | |
| Edition statement | 2. basılış. |
| 260 ## - PUBLICATION, DISTRIBUTION, ETC. | |
| Place of publication, distribution, etc. | İstanbul], |
| Name of publisher, distributor, etc. | S. Lûtfi Kitabevi, |
| Date of publication, distribution, etc. | [1939]. |
| 300 ## - PHYSICAL DESCRIPTION | |
| Extent | 159 p. |
| Dimensions | 20 cm. |
| 490 0# - SERIES STATEMENT | |
| Series statement | His. Külliyat, |
| Volume/sequential designation | 4. |
No items available.